Alfabetización múltiple desde la biblioteca pública : (Registro nro. 52418)

Detalles MARC
000 -LEADER
campo de control de longitud fija 03904nam a2200493 i 4500
001 - NÚMERO DE CONTROL
campo de control 52418
003 - IDENTIFICADOR DE NÚMERO DE CONTROL
campo de control FINmELB
005 - FECHA Y HORA DE LA ÚLTIMA TRANSACCIÓN
campo de control 20241216232406.0
006 - CÓDIGOS DE INFORMACIÓN DE LONGITUD FIJA--CARACTERÍSTICAS DEL MATERIAL ADICIONAL
campo de control de longitud fija m o u
007 - CAMPO FIJO DE DESCRIPCIÓN FÍSICA--INFORMACIÓN GENERAL
campo de control de longitud fija cr cn|||||||||
008 - DATOS DE LONGITUD FIJA--INFORMACIÓN GENERAL
campo de control de longitud fija 211013s2009 ag a ob 000 0 spa d
020 ## - NÚMERO INTERNACIONAL ESTÁNDAR DEL LIBRO
ISBN cancelado o inválido 9789871305476
035 ## - NÚMERO DE CONTROL DEL SISTEMA
Número de control de sistema (OCoLC)1280137421
040 ## - FUENTE DE CATALOGACIÓN
Centro catalogador/agencia de origen FINmELB
Lengua de catalogación spa
Normas de descripción rda
Centro/agencia transcriptor FINmELB
050 #4 - SIGNATURA TOPOGRÁFICA DE LA BIBLIOTECA DEL CONGRESO
Número de clasificación Z678
Número de ítem .P568 2009
080 ## - NÚMERO DE LA CLASIFICACIÓN DECIMAL UNIVERSAL
Número de la Clasificación Decimal Universal 027.022:37.011.22
082 04 - NÚMERO DE LA CLASIFICACIÓN DECIMAL DEWEY
Número de clasificación 027.4: 374.012
Información de edición 23
100 1# - ENTRADA PRINCIPAL--NOMBRE DE PERSONA
Nombre de persona Pinto, María,
Término indicativo de función/relación autor.
245 10 - MENCIÓN DEL TÍTULO
Título Alfabetización múltiple desde la biblioteca pública :
Resto del título experiencias y propuestas /
Mención de responsabilidad, etc. María Pinto, Dora Sales, Pilar Martínez-Osorio y Enriqueta Planelles.
264 #1 - PRODUCCIÓN, PUBLICACIÓN, DISTRIBUCIÓN, FABRICACIÓN Y COPYRIGHT
Producción, publicación, distribución, fabricación y copyright Ciudad Autónoma de Buenos Aires :
Nombre del de productor, editor, distribuidor, fabricante Alfagrama Ediciones,
Fecha de producción, publicación, distribución, fabricación o copyright 2009.
300 ## - DESCRIPCIÓN FÍSICA
Extensión 1 recurso en línea (224 páginas) :
Otras características físicas ilustraciones
336 ## - TIPO DE CONTENIDO
Término de tipo de contenido texto
Código de tipo de contenido txt
Fuente rdacontent/spa
337 ## - TIPO DE MEDIO
Nombre/término del tipo de medio computadora
Código del tipo de medio c
Fuente rdamedia/spa
338 ## - TIPO DE SOPORTE
Nombre/término del tipo de soporte recurso en línea
Código del tipo de soporte cr
Fuente rdacarrier/spa
490 1# - MENCIÓN DE SERIE
Mención de serie Biblioteca Alfagrama
504 ## - NOTA DE BIBLIOGRAFÍA, ETC.
Nota de bibliografía, etc. Nota Incluye referencias bibliográficas.
520 ## - RESUMEN, ETC.
Sumario, etc. En la actual sociedad de la información, que se encamina hacia una verdadera sociedad del conocimiento para tod@s y en la que toda persona requiere una formación continua, las necesidades de alfabetización para la ciudadanía son múltiples, desde dimensiones como la informacional-digital, hasta la audiovisual, la multimedia o la intercultural. El potencial de la biblioteca pública como catalizadora de propuestas y experiencias y como foro abierto para la alfabetización múltiple es enorme. Este libro se propone abordar las diversas facetas de las nuevas necesidades de alfabetización desde una perspectiva conceptual pero eminentemente aplicable y práctica. La sociedad de la información, ligada a las redes y a las tecnologías digitales, necesita profesionales y escenarios que articulen la formación en el uso y en el acceso a la información, considerada como un derecho fundamental y básico de la ciudadanía del siglo XXI. En este entorno se enmarca el papel de las multialfabetiza-ciones, relacionadas con el ciclo global de la información y del conocimiento en todas sus formas y formatos, basado en la generación, gestión, procesamiento, evaluación, recuperación y difusión de la información, con los contextos de trabajo centrados en el aprendizaje a lo largo de la vida, y con el liderazgo de la biblioteca pública como marco de acción (formativo e informativo) de la ciudadanía. En este orden de cosas, este texto presenta las alfabetizaciones clave para el siglo XXI, en las que la biblioteca pública puede y ha de convertirse en agente social de apoyo y dinamización. Comenzamos con la alfabetización básica desarrollada por la biblioteca pública, la lecto-escritora, para adentrarnos después en la alfabetización informativo-digital, la alfabetización multimedia, la alfabetización intercultural y, finalmente, la alfabetización múltiple, que integra, desde una perspectiva de fusión, aspectos de las alfabetizaciones anteriormente tratadas.
588 ## - NOTA DE FUENTE DE LA DESCRIPCIÓN
Nota de fuente de la descripción Descripción basada en metadatos suministrados por el editor y otras fuentes.
590 ## - NOTA LOCAL (RLIN)
Nota local Recurso electrónico. Santa Fe, Arg.: elibro, 2021. Disponible vía World Wide Web. El acceso puede estar limitado para las bibliotecas afiliadas a elibro.
650 #0 - PUNTO DE ACCESO ADICIONAL DE MATERIA--TÉRMINO DE MATERIA
Término de materia o nombre geográfico como elemento de entrada Literacy.
650 #4 - PUNTO DE ACCESO ADICIONAL DE MATERIA--TÉRMINO DE MATERIA
Término de materia o nombre geográfico como elemento de entrada Bibliotecas públicas.
650 #4 - PUNTO DE ACCESO ADICIONAL DE MATERIA--TÉRMINO DE MATERIA
Término de materia o nombre geográfico como elemento de entrada Alfabetización.
650 #0 - PUNTO DE ACCESO ADICIONAL DE MATERIA--TÉRMINO DE MATERIA
Término de materia o nombre geográfico como elemento de entrada Public libraries.
655 #4 - TERMINO DE INDIZACIÓN--GENERO/FORMA
Datos o término principal de género/forma Libros electrónicos.
700 1# - ENTRADA AGREGADA--NOMBRE PERSONAL
Nombre de persona Martínez-Osorio, Pilar,
Término indicativo de función/relación autor.
700 1# - ENTRADA AGREGADA--NOMBRE PERSONAL
Nombre de persona Planelles, Enriqueta,
Término indicativo de función/relación autor.
700 1# - ENTRADA AGREGADA--NOMBRE PERSONAL
Nombre de persona Sales, Dora,
Término indicativo de función/relación autor.
797 2# - PUNTO DE ACCESO ADICIONAL LOCAL--NOMBRE DE ENTIDAD CORPORATIVA (RLIN)
Nombre de entidad corporativa o nombre de jurisdicción como elemento de entrada elibro, Corp.
830 #0 - PUNTO DE ACCESO ADICIONAL DE SERIE-TÍTULO UNIFORME
Título uniforme Biblioteca Alfagrama.
856 40 - LOCALIZACIÓN Y ACCESO ELECTRÓNICOS
Identificador Uniforme de Recurso <a href="https://elibro.net/ereader/politecnicointernacional/188020">https://elibro.net/ereader/politecnicointernacional/188020</a>

No hay ítems disponibles.


Politécnico Internacional

Institución de Educación Superior
Vigilado Mineducación.
SNES 4727 +4135 DEL 11 de nov. de 2004

Sedes

Sede Norte - Av. Boyacá 138 - 70

Sede Sur - Autopista Sur No 67 - 71

Sede Av Chile - Calle 73 Nº 10-45

Información Legal

Derechos Pecuniarios | Habeas Data | Reglamento Biblioteca


Compartir

YouTube | Twitter | Facebook | LinkedIn


Comunícate con nosotros:

Admisiones: 60-1-7950000
Atención al cliente: 60-1-4005700